|
|
|
|
| LEADER |
00000nam a2200000 i 4500 |
| 001 |
1/13386 |
| 008 |
980316s1996 gre d |
| 020 |
|
|
|a 960-210-244-6
|
| 035 |
|
|
|1 ΠΑΡ
|a 1997
|l 10019022
|
| 040 |
|
|
|a GR-MY-UA
|b gre
|e aacr
|
| 041 |
0 |
|
|a gre
|
| 082 |
0 |
|
|a 808.543
|
| 100 |
1 |
|
|a Αυδίκος, Βαγγέλης Γρ.,
|d 1951-
|
| 245 |
1 |
0 |
|a Από το παραμύθι στα κόμικς :
|b παράδοση και νεοτερικότητα /
|c επιμέλεια Ευάγγελος Γρ. Αυδίκος ; εισαγωγή Μ. Γ. Μερακλής
|
| 260 |
|
|
|a Αθήνα :
|b Οδυσσέας,
|c 1996
|
| 300 |
|
|
|a 766 σ.
|
| 504 |
|
|
|a Περιέχει σημειώσεις
|
| 650 |
0 |
0 |
|a Literature
|x History and criticism.
|
| 650 |
0 |
0 |
|a Comic, The, in literature.
|
| 650 |
0 |
0 |
|a Tales
|x History and criticism.
|
| 852 |
|
|
|a INST
|b LESVOS
|e 19980316
|h 808.543 ΑΠΟ
|p 005100014867
|q 005100014867
|t BK
|y 0
|
| 852 |
|
|
|a INST
|b RHODES
|e 20001113
|h 809 ΑΠΟ
|p 005400017509
|q 005400017509
|t BK
|y 0
|
| 901 |
|
|
|a BIBL1-1998-2
|
| 901 |
|
|
|a BIBL4-2000-3
|
| 909 |
|
|
|a Λ
|b 054303
|
| 909 |
|
|
|a Ρ
|b 081014
|
| 922 |
|
|
|a 1ΕΛΗ
|b 199802
|c ΚΠΣ/ΤΚΑ
|d EMVASIS
|
| 922 |
|
|
|a 4ΕΛΗ
|b 200009
|c ΚΠΣ/Ν
|d EMVASIS
|
| 950 |
|
|
|a 117-1998-01-28
|
| 970 |
|
|
|z 2000/06/ΟΙΚΟΝΟΜΟΠΟΥΛΟΥ ΧΡΙΣΤΙΝΑ
|